NBA-Teams Eastern Conference - Statistics

General Stats
  • This quiz has been taken 119 times
  • The average score is 14 of 15
Answer Stats
Hint Answer % Correct
Chicago Bulls
99%
Miami Heat
99%
Boston Celtics
98%
Brooklyn Nets
98%
Milwaukee Bucks
94%
Atlanta Hawks
94%
New York Knicks
94%
Toronto Raptors
94%
Orlando Magic
93%
Indiana Pacers
93%
Charolotte Hornets
92%
Detroit Pistons
92%
Philadelphia 76ers
89%
Cleveland Cavaliers
89%
Washington Wizards
87%
No matching quizzes found
Score Distribution
Percent of People with Each Score
Percentile by Number Answered
Your Score History
You have not taken this quiz